Abkürzungen - Statistiken

Allgemein
  • Dieses Quiz wurde 1.241 mal gespielt
  • Das Durchschnittsergebnis liegt bei 12 aus 30
Antwortstatistiken
Hint Antwort % Korrekt
NDR (Sender) Norddeutscher Rundfunk
81%
POV (Perspektive, Sichtweise) Point of View
76%
NSDAP (Drittes Reich) Nationalsozialistische Deutsche Arbeiterpartei
74%
FKK (Nudismus) Freikörperkultur
73%
BMW (Automarke) Bayerische Motoren Werke
72%
BND (Bundesbehörde) Bundesnachrichtendienst
70%
GmbH (Rechtsform) Gesellschaft mit beschränkter Haftung
69%
FDP (Partei) Freie Demokratische Partei
63%
MS (Krankheit) Multiple Sklerose
57%
PS (Notiz am Briefende) Postskriptum
51%
SS (Drittes Reich) Schutzstaffel
49%
GESTAPO (Drittes Reich) Geheime Staatspolizei
47%
RAF (linksextremistische terroristische Vereinigung) Rote Armee Fraktion
46%
GPU (Grafikprozessor) Graphics Processing Unit
35%
UKW (Elektromagnetismus) Ultrakurzwelle
35%
CD (Speichermedium) Compact Disc
33%
RNG (Zufall) Random Number Generator
33%
SSD (Festplatte) Solid State Drive
29%
UPS (Lieferdienst) United Parcel Service
28%
KSK (militärische Spezialeinheit) Kommando Spezialkräfte
25%
R´n´B (Musikgenre) Rhythm and Blues
25%
LED (Halbleiter-Bauelement) Lichtemittierende Diode
24%
HP (Unternehmen, bekannt für Drucker) Hewlett-Packard
23%
VFL (Wolfsburg, Osnabrück usw.) Verein für Leibesübungen
21%
HUD (Anzeigesystem) Head-up-Display
18%
AStA (Universitäten) Allgemeiner Studierendenausschuss
16%
MGM (Filmproduktionsgesellschaft) Metro-Goldwyn-Mayer
16%
CH (Schweiz) Confoederatio Helvetica
14%
WWF (Naturschutzorganisation) World Wide Fund for Nature
8%
LSD (Droge) Lysergsäurediethylamid
6%
Keine übereinstimmenden Quizze gefunden
Verteilung der Resultate
Anzahl Personen mit jedem Resultat
Perzentil nach korrekt beantworteten Fragen
Ihre Resultats-Entwicklung
Sie haben dieses Quiz noch nicht gespielt